LIBRARY & INFORMATION CENTRE, KCAET, TAVANUR

ONLINE PUBLIC ACCESS CATALOGUE (OPAC)

Development of a powered - decorticator for producing white pepper from black pepper (Record no. 14999)

MARC details
000 -LEADER
fixed length control field 00729nam a22001817a 4500
003 - CONTROL NUMBER IDENTIFIER
control field OSt
088 ## - REPORT NUMBER
Report number T 177
100 ## - MAIN ENTRY--AUTHOR NAME
Personal name CHITHRA G
245 ## - TITLE STATEMENT
Title Development of a powered - decorticator for producing white pepper from black pepper
260 ## - PUBLICATION, DISTRIBUTION, ETC. (IMPRINT)
Place of publication Tavanur 2007
Name of publisher Department of Post-Harvest Technology and Agricultural Processing
300 ## - PHYSICAL DESCRIPTION
Number of Pages 102
500 ## - GENERAL NOTE
General note Development of a powered - decorticator for producing white pepper from black pepper
520 ## - SUMMARY, ETC.
Summary, etc Development of a powered - decorticator for producing white pepper from black pepper
700 ## - ADDED ENTRY--PERSONAL NAME
Personal name Dr. Santhi Mary Mathew (Guide)
856 ## - ELECTRONIC LOCATION AND ACCESS
Uniform Resource Identifier https://drive.google.com/open?id=1uhc1tB9GEc4l4PsiI0JnTh2j5ToRo_Vh
942 ## - ADDED ENTRY ELEMENTS (KOHA)
Koha item type Theses
Holdings
Collection code Home library Current library Shelving location Full call number Accession Number Koha item type Public note
Reference KAUAET KAUAET Reference 631.56 CHI/DE T 177 Theses M.Tech Thesis
free website counter